000 00664nam a2200157Ia 4500
008 090711s9999 xx 000 0 und d
082 _b608
100 _aगोखले गो. सी.
245 _aश्री गोंदवलेकर महाराज यांSाी प्रवSाने
260 _c1967
600 _aगोखले गो. सी.
630 _aश्री गोंदवलेकर महाराज यांSाी प्रवSाने
700 _aगोखले गो. सी.
730 _aश्री गोंदवलेकर महाराज यांSाी प्रवSाने
942 _cBOOK
999 _c282226
_d282226